| 000 | 02197cam a22003254a 4500 | ||
|---|---|---|---|
| 001 | 16293809 | ||
| 003 | OSt | ||
| 005 | 20220823163114.0 | ||
| 008 | 100618s2011 moua b 001 0 eng | ||
| 020 | _a9780323039000 | ||
| 020 | _a0323039006 | ||
| 035 | _a(OCoLC)ocn643443273 | ||
| 040 |
_aDNLM/DLC _cLC _dYDX _dNLM _dYDXCP _dDNF _dEEK _dCDX _dDLC |
||
| 042 | _apcc | ||
| 050 | 0 | 0 | _aRT89.L43 |
| 100 |
_aYoder-Wise, Patricia S. _9234 |
||
| 245 | 0 | 0 |
_aLeading and managing in nursing. / _cPatricia S. Yoder-Wise. |
| 250 | _a4th ed. | ||
| 260 |
_aSt. Louis, Mo.: _bElsevier Mosby, _c2007. |
||
| 300 |
_axxvi, 732 p. : _bcol. ill. ; _c24 cm. |
||
| 504 | _aIncludes bibliographical references and index. | ||
| 505 | 2 | _aContents: Managing, leading and following -- Developing the role of leader -- Developing the role of manager -- Legal and ethical issues -- Making decisions and solving problems -- Healthcare organizations -- Understanding and designing organizational structures -- Cultural diversity in health care -- Managing resources: Managing information and technology: caring and communicating with computers -- Managing costs and budgets -- Care delivery strategies -- Staffing and scheduling -- Selecting, developing and evaluating staff -- Changing the status quo: Strategic planning, goal setting and marketing -- Leading change -- Building teams through communication and partnerships -- Collective action -- Managing quality and risk -- Translating research into practice -- Interpersonal and personal skills: Consumer relationships -- Conflict: the cutting edge of change -- Delegation: an art of professional practice -- Managing personal/personnel problems -- Role transition -- Self management: stress and time -- Career management: putting yourself in charge -- Leading through professional associations -- Thriving for the future -- | |
| 650 | 0 |
_aNursing services _xAdministration. _9175 |
|
| 650 | 0 |
_aLeadership. _938 |
|
| 650 | 1 | 2 |
_aNurse Administrators _xorganization & administration. _9235 |
| 650 | 2 | 2 |
_aLeadership. _938 |
| 906 |
_a7 _bcbc _corignew _d1 _eecip _f20 _gy-gencatlg |
||
| 942 |
_2lcc _cBK |
||
| 999 |
_c9166 _d16666 |
||